LEADER 01107nam2-22003371i-450- 001 990005783030403321 005 20060322163311.0 035 $a000578303 035 $aFED01000578303 035 $a(Aleph)000578303FED01 035 $a000578303 100 $a19990604d1982----km-y0itay50------ba 101 0 $aita 105 $aa---a---001yy 200 1 $aArcheologia urbana a Roma$eil progetto della Crypta Balbi$fDaniele Manacorda 210 $aFirenze$cAll'insegna del giglio$d1982 215 $a125 p., di cui 1 ripieg.$cill.$d29 cm 225 1 $aBiblioteca di archeologia medievale$v2 461 0$1001000462881$12001$aArcheologia urbana a Roma$v1 610 0 $aScavi archeologici$aRoma 676 $a937.6$v21$zita 700 1$aManacorda,$bDaniele$040016 801 0$aIT$bUNINA$gRICA$2UNIMARC 901 $aBK 912 $a990005783030403321 952 $a937.6 BAM 1 (2 BIS)$bDIP.DIS.ST. 2262$fFLFBC 952 $a937.6 BAM 1 (2)$bDip.d.s.6092$fFLFBC 952 $aDirez. M-053$b82/86 ddr idr$fDDR$m21-9818 959 $aFLFBC 996 $aArcheologia urbana a Roma$9282765 997 $aUNINA LEADER 01370nam2-2200397---450- 001 990003026010203316 005 20071130153646.0 010 $a978-1-4073-0126-6 035 $a000302601 035 $aUSA01000302601 035 $a(ALEPH)000302601USA01 035 $a000302601 100 $a20071130d2007----km-y0itay50------ba 101 0 $aeng 102 $aGB 105 $aa|||z|||001yy 200 1 $aLithic raw material variability and the reduction of short-term-use implements$ean example from northwestern New Mexico$fHarry Joseph Lerner 210 $aOxford$cArchaeopress$d2007 215 $aIX, 170 p.$cill.$d30 cm. 225 2 $aBAR international series$v1688$1001000018484$12001 410 0$12001$aBAR international series 461 1$1001-------$12001 606 0 $aScavi archeologici$yNew Mexico 606 0 $aStrumenti di pietra$yNew Mexico 676 $a978.9 700 1$aLERNER,$bHarry Joseph$0599487 801 0$aIT$bsalbc$gISBD 912 $a990003026010203316 951 $aXI.5. Coll. 12/ 356$b203355 L.M.$cXI.5. Coll.$d00162333 959 $aBK 969 $aUMA 979 $aRIVELLI$b90$c20071130$lUSA01$h1535 979 $aRIVELLI$b90$c20071130$lUSA01$h1536 979 $aCHIARA$b90$c20160208$lUSA01$h1406 996 $aLithic raw material variability and the reduction of short-term-use implements$91025597 997 $aUNISA